Group theory in physics

Uloženo v:
Podrobná bibliografie
Hlavní autor: Cornwell, J. F (Autor)
Médium: Kniha
Jazyk:angličtina
Vydáno: Londres Academic Press 1989
Témata:
Tagy: Přidat tag
Žádné tagy, Buďte první, kdo vytvoří štítek k tomuto záznamu!

MARC

LEADER 00000nam a2200000 a 4500
001 UCG0266
003 CL-VaPUC
008 100318e19890000UK |||||||||||||||||eng|d
020 |a 0121898059 
082 0 4 |a 530.15  |b COR  |2 21 
100 0 |a Cornwell, J. F  |e author  |9 547629 
245 1 0 |a Group theory in physics 
300 |a v 
942 |c BK 
945 |d 20100318 00:00:00  |a rbrito 
260 |a Londres  |b Academic Press  |c 1989 
500 |a v.3: Supersmmetries and infinite-dimensional algebras 
650 0 |a Teoría de grupos   |9 270028 
650 0 |a Física matemática   |9 260981 
583 |a last modification  |c 20121105 04:49:31  |k Rodrigo Vera 
999 |c 339954  |d 339952 
952 |0 0  |1 0  |4 0  |6 530_150000000000000_COR_1989  |7 0  |8 A  |9 434223  |a BIBCUR  |b BIBCUR  |d 2019-11-22  |h v.3  |i 4649893  |l 1  |o 530.15 COR 1989  |p 4649893  |r 2025-04-22  |s 2022-05-05  |w 2019-11-22  |y BK  |k FIS